Vista normal
Vista MARC
Entrada Personal Name
Número de registros utilizados en: 2
001 - CONTROL NUMBER
- control field: 2589
003 - CONTROL NUMBER IDENTIFIER
- control field: DLC
005 - DATE AND TIME OF LATEST TRANSACTION
- control field: 20260513122346.0
008 - FIXED-LENGTH DATA ELEMENTS
- fixed length control field: 140813n| azannaabn |a aaa c
010 ## - LIBRARY OF CONGRESS CONTROL NUMBER
- LC control number: ns2014003729
035 ## - SYSTEM CONTROL NUMBER
- System control number: (CaEvSKY)skya10551880
040 ## - CATALOGING SOURCE
- Original cataloging agency: MX-SlUA
- Language of cataloging: spa
- Description conventions: rda
- Transcribing agency: Mx-PuUPA
- Modifying agency: Mx-PuUPA
100 1# - HEADING--PERSONAL NAME
- Personal name: Ascencio Peralta, Claudia,
372 ## - FIELD OF ACTIVITY
- Field of activity: Dietética
- Field of activity: Nutrición
- Source of term: lcsh
373 ## - ASSOCIATED GROUP
- Associated group: Universidad Latinoamericana (Ciudad de México, México)
- Source of term: naf
374 ## - OCCUPATION
- Occupation: Nutricionista
- Occupation: Profesora
- Occupation: Autora
- Source of term: lcsh
375 ## - GENDER
- Gender: mujer
377 ## - ASSOCIATED LANGUAGE
- Language code: spa
400 1# - SEE FROM TRACING--PERSONAL NAME
- Personal name: Peralta, Claudia Ascencio
670 ## - SOURCE DATA FOUND
- Source citation: Elementos fundamentales en el cálculo de dietas, ©2011:
- Information found: title page (Claudia Ascencio Peralta. Licenciada en Dietética y Nutrición. Consultora independiente. Profesora y lider académico de la Escuela de Nutrición de la Universidad Latinoamericana)